| 000 | 00856nam a2200265Ia 4500 | ||
|---|---|---|---|
| 003 | OSt | ||
| 005 | 20221005062158.0 | ||
| 006 | a|||||r|||| 00| 0 | ||
| 007 | ta | ||
| 008 | 221004b |||||||| |||| 00| 0 eng d | ||
| 020 |
_a9780415735070 (hbk) _cUKP 90.00 |
||
| 024 | _a33347 | ||
| 037 |
_b149, 01/03/2017, Classic Book Service _cTextual |
||
| 040 |
_aCRL _cCRL _beng |
||
| 041 |
_2eng _aeng |
||
| 082 | _aW:5.2, Q6 | ||
| 100 |
_aDeva Surya Ed. _9601522 |
||
| 245 | 0 |
_aSocio-economic rights in emerging free markets _b comparative insights from India and China |
|
| 260 |
_aLondon _bRoutledge UK _c2016 |
||
| 300 |
_axx,370p. _ccm. |
||
| 490 | _aRoutledge research inhuman right law | ||
| 650 | _aHUMAN RIGHTS | ||
| 942 |
_hW:5.2, Q6 _cTEXL _2cc |
||
| 999 |
_c969303 _d969303 |
||